Multinational corporations and the Third World / (Record no. 18429)
[ view plain ]
| 000 -LEADER | |
|---|---|
| fixed length control field | 01317nam a22003378a 4500 |
| 001 - CONTROL NUMBER | |
| control field | 016162023 |
| 003 - CONTROL NUMBER IDENTIFIER | |
| control field | OSt |
| 005 - DATE AND TIME OF LATEST TRANSACTION | |
| control field | 20141001154912.0 |
| 008 - FIXED-LENGTH DATA ELEMENTS--GENERAL INFORMATION | |
| fixed length control field | 120820s2013 xxk frb 101 0 eng d |
| 020 ## - INTERNATIONAL STANDARD BOOK NUMBER | |
| International Standard Book Number | 9780415657297 (hbk.) |
| 020 ## - INTERNATIONAL STANDARD BOOK NUMBER | |
| International Standard Book Number | 0415657296 (hbk.) |
| 020 ## - INTERNATIONAL STANDARD BOOK NUMBER | |
| International Standard Book Number | 9780415630092 (set) |
| 020 ## - INTERNATIONAL STANDARD BOOK NUMBER | |
| International Standard Book Number | 0415630096 (set) |
| 040 ## - CATALOGING SOURCE | |
| Original cataloging agency | StDuBDS |
| Language of cataloging | eng |
| Transcribing agency | StDuBDS |
| Modifying agency | EG-ScBUE |
| 082 00 - DEWEY DECIMAL CLASSIFICATION NUMBER | |
| Classification number | 338.8881724 |
| Edition number | 22 |
| Item number | MUL |
| 245 00 - TITLE STATEMENT | |
| Title | Multinational corporations and the Third World / |
| Statement of responsibility, etc | edited by C. J. Dixon, D. Drakakis-Smith and H. D. Watts. |
| 260 ## - PUBLICATION, DISTRIBUTION, ETC. (IMPRINT) | |
| Place of publication, distribution, etc | Oxon, United Kingdom : |
| -- | New York, United States : |
| Name of publisher, distributor, etc | Routledge, |
| Date of publication, distribution, etc | 2013 |
| Place of manufacture | ([Croydon, United Kingdom] : |
| Manufacturer | CPI Group (UK) Ltd.) |
| 300 ## - PHYSICAL DESCRIPTION | |
| Extent | xii, 200 p. ; |
| Dimensions | 24 cm. |
| 490 1# - Series Statement | |
| Series statement | Routledge library editions. |
| -- | International business |
| 500 ## - GENERAL NOTE | |
| General note | Includes indexes. |
| 504 ## - BIBLIOGRAPHY, ETC. NOTE | |
| Bibliography, etc | Includes bibliographical references. |
| 590 ## - LOCAL NOTE (RLIN) | |
| Local note | Library contain : vol. 2. |
| 650 #0 - SUBJECT ADDED ENTRY--TOPICAL TERM | |
| Topical term or geographic name as entry element | International business enterprises |
| Geographic subdivision | Developing countries |
| Form subdivision | Congresses |
| 653 ## - INDEX TERM--UNCONTROLLED | |
| Resource For college | BAEPS, Business Administration |
| Arrived date list | September2014 |
| 655 ## - INDEX TERM--GENRE/FORM | |
| Form subdivision | |
| -- | 34232 |
| 700 1# - ADDED ENTRY--PERSONAL NAME | |
| Personal name | Dixon, C. J. |
| Fuller form of name | (Chris J.) |
| 9 (RLIN) | 36140 |
| Relator term | editor. |
| 700 1# - ADDED ENTRY--PERSONAL NAME | |
| Personal name | Drakakis-Smith, D. W. |
| 9 (RLIN) | 36142 |
| Relator term | editor. |
| 700 1# - ADDED ENTRY--PERSONAL NAME | |
| Personal name | Watts, H. D. |
| 9 (RLIN) | 36143 |
| Relator term | editor. |
| 830 ## - SERIES ADDED ENTRY--UNIFORM TITLE | |
| Uniform title | Routledge library editions. |
| Name of part/section of a work | International business |
| 942 ## - ADDED ENTRY ELEMENTS (KOHA) | |
| Source of classification or shelving scheme | Dewey Decimal Classification |
| Call number prefix | 338.8881724 MUL |
| Withdrawn status | Item status | Source of classification or shelving scheme | Damaged status | Not for loan | Vendor | Home library | Current library | Shelving location | Date acquired | Source of acquisition | Cost, normal purchase price | Total Checkouts | Full call number | Barcode | Date last seen | Cost, replacement price | Koha item type | Public note | Total Renewals | Date last borrowed |
|---|---|---|---|---|---|---|---|---|---|---|---|---|---|---|---|---|---|---|---|---|
| Dewey Decimal Classification | Baccah | Central Library | Central Library | First floor | 01/10/2014 | 690.00 | 338.8881724 MUL | 000036472 | 15/07/2025 | 862.50 | Book - Borrowing | VOL 2. | ||||||||
| Dewey Decimal Classification | Baccah | Central Library | Central Library | First floor | 01/10/2014 | 1 | 338.8881724 MUL | 000036473 | 15/07/2025 | Book - Borrowing | 13 | 09/11/2015 | ||||||||
| Dewey Decimal Classification | Baccah | Central Library | Central Library | First floor | 01/10/2014 | 1 | 338.8881724 MUL | 000036474 | 15/07/2025 | Book - Borrowing | 19/11/2018 |